|
|
|
|
| LEADER |
01122nam a2200361 4500 |
| 001 |
DLU030024054 |
| 005 |
##20030801 |
| 040 |
# |
# |
|a DLU
|b vie
|
| 041 |
# |
# |
|a vie
|
| 044 |
# |
# |
|a vn
|
| 082 |
# |
# |
|a 570
|b DI-K
|
| 100 |
# |
# |
|a Đinh Văn Khiêm
|
| 245 |
# |
# |
|a Bước đầu nghiên cứu nhân giống vô tính cây chè Shan LĐ 97 (Camellia Sinensis Var. Shan) bằng kỹ thuật in Vitro /
|c Đinh Văn Khiêm
|
| 260 |
# |
# |
|a Đà Lạt :
|b Trường Đại học Đà Lạt,
|c 2001
|
| 300 |
# |
# |
|a 53 tr. ;
|c 29 cm
|
| 653 |
# |
# |
|a Cây chè
|
| 653 |
# |
# |
|a Camellia Sinensis var. Shan
|
| 653 |
# |
# |
|a Chè Shan LĐ 97
|
| 653 |
# |
# |
|a Kĩ thuật vitro
|
| 653 |
# |
# |
|a Kỹ thuật vitro
|
| 653 |
# |
# |
|a Nhân giống vô tính
|
| 653 |
# |
# |
|a Nuôi cấy mô
|
| 700 |
# |
# |
|a Mai Xuân Lương
|c PGS.TS.
|e Cán bộ hướng dẫn
|
| 901 |
# |
# |
|a /libol50/attach/doc/doc20070518TVRJ.pdf
|
| 915 |
# |
# |
|a Sinh học
|c Thạc sĩ
|d Trường Đại học Đà Lạt
|
| 994 |
# |
# |
|a DLU
|
| 900 |
# |
# |
|a True
|
| 911 |
# |
# |
|a Lê Nguyên Khang
|
| 925 |
# |
# |
|a G
|
| 926 |
# |
# |
|a A
|
| 927 |
# |
# |
|a LA
|
| 980 |
# |
# |
|a Thư viện Trường Đại học Đà Lạt
|